书目信息 |
| 题名: |
邓小平哲学思想:摘要
|
|
| 作者: | 中共中央党校哲学教研部 编 | |
| 分册: | ||
| 出版信息: | 北京 中共中央党校出版社 1995.05 |
|
| 页数: | 363页 | |
| 开本: | 32开 | |
| 丛书名: | ||
| 单 册: | ||
| 中图分类: | A849.163 | |
| 科图分类: | ||
| 主题词: | 毛泽东著作--学习 , 毛泽东著作研究 | |
| 电子资源: | ||
| ISBN: | 7-5035-0757-8 | |
| 000 | 00680nam0 2200205 45 | |
| 001 | 0011021692 | |
| 005 | 20001102162431.5 | |
| 010 | @a7-5035-0757-8@d16.00元 | |
| 100 | @a20001102d1995 km y0chiy0120 ea | |
| 101 | 0 | @achi |
| 105 | @a z 000yy | |
| 200 | 1 | @a邓小平哲学思想:摘要@ADeng Xiao Ping Zhe Xue Si Xiang:Zhai Yao@f中共中央党校哲学教研部编@FZhong Gong Zhong Yang Dang Xiao Zhe Xue Jiao Yan Bu Bian |
| 210 | @a北京@c中共中央党校出版社@d1995.05 | |
| 215 | @a363页@d32开 | |
| 606 | 0 | @a毛泽东著作@x学习 |
| 606 | 0 | @a毛泽东著作研究 |
| 690 | @aA849.163@v3 | |
| 701 | 0 | @a中共中央党校哲学教研部@4编 |
| 801 | @aCN@bPftUser@c20001102 | |
| 905 | @b196643-644@dA849.163@eZH965@f2 | |
| 邓小平哲学思想:摘要/中共中央党校哲学教研部编.-北京:中共中央党校出版社,1995.05 |
| 363页;32开 |
| ISBN 7-5035-0757-8:16.00元 |
| ● |
| 相关链接 |
|
|
|
正题名:邓小平哲学思想:摘要
索取号:A849.163/ZH965
 
预约/预借
| 序号 | 登录号 | 条形码 | 馆藏地/架位号 | 状态 | 备注 |
| 1 | 196643 | 201966435 | 社科库509/509社科库 6排2列1层/ [索取号:A849.163/ZH965] | 在馆 | |
| 2 | 196644 | 201966444 | 社科库509/509社科库 6排2列1层/ [索取号:A849.163/ZH965] | 在馆 |